[Event "Challenge"]
[Site "http://www.queenalice.com/game.php?id=93295"]
[Date "2006.8.6"]
[Round "-"]
[White "MAGALINGsaROMANSAngChicks"]
[Black "jumerski"]
[Result "0-1"]
[WhiteElo "1749"]
[BlackElo "1631"]

1. e4 c5 2. Nf3 d6 3. d4 cxd4 4. Qxd4 Nc6 5. Bb5 Bd7 6. Qd3 g6 7. Bxc6 Bxc6 8.
O-O Bg7 9. Re1 e6 10. Nc3 Ne7 11. Bf4 e5 12. Bg5 f6 13. Bd2 O-O 14. Rad1 Qc7 15.
a3 Rad8 16. Be3 b6 17. Qc4+ Kh8 18. h3 Qb7 19. Qd3 f5 20. Bg5 Bf6 21. Bxf6+ Rxf6
22. Nxe5 Rdf8 23. Nxc6 Qxc6 24. Nd5 Nxd5 25. exd5 Qd7 26. Qd4 Kg8 27. c4 f4 28.
f3 Rf5 29. Re6 Qc7 30. Rde1 Qc5 31. Qf2 Qxc4 32. Re7 R5f7 33. Qh4 Qxd5 34. Qg4
Qd4+ 35. Kh1 Qxb2 36. Qe6 Qxa3 37. Rxf7 Rxf7 38. Rc1 Qxc1+ 0-1

[Event "Challenge"]
[Site "http://www.queenalice.com/game.php?id=93296"]
[Date "2006.8.6"]
[Round "-"]
[White "jumerski"]
[Black "MAGALINGsaROMANSAngChicks"]
[Result "1-0"]
[WhiteElo "1611"]
[BlackElo "1771"]

1. e4 c5 2. f4 e6 3. Nf3 Nc6 4. b3 d6 5. Bb2 a6 6. Be2 Nf6 7. d3 d5 8. e5 Nd7 9.
O-O g6 10. d4 cxd4 11. Nxd4 Bc5 12. Kh1 Qb6 13. c3 Be7 14. c4 dxc4 15. Bxc4 O-O
16. Nxe6 Re8 17. Ng5 Rf8 18. e6 Nde5 19. fxe5 Bxe6 20. Nxe6 fxe6 21. Bxe6+ Kh8
22. Bf7 Kg7 23. e6+ Kh6 24. Rf3 Rad8 25. Qc1+ Kh5 26. g4+ Kh4 27. Qh6+ Kxg4 28.
Rf4# 1-0

[Event "AUTO-ADV-254"]
[Site "http://www.queenalice.com/game.php?id=108225"]
[Date "2006.9.21"]
[Round "1"]
[White "jumerski"]
[Black "Junior_Colegiao"]
[Result "1-0"]
[WhiteElo "1636"]
[BlackElo "1300"]

1. e4 e5 2. f4 exf4 3. Nf3 g5 4. Bc4 g4 5. O-O gxf3 6. Qxf3 Qf6 7. d3 Nc6 8. c3
Ne5 9. Qxf4 Qxf4 10. Bxf4 Nxc4 11. dxc4 Bc5+ 12. Kh1 d6 13. b4 Bb6 14. c5 dxc5
15. bxc5 Bxc5 16. Bxc7 Ne7 17. Nd2 Be6 18. Nb3 Ba3 19. Rf2 Nc6 20. Nd4 Nxd4 21.
cxd4 Rc8 22. Bf4 1-0

[Event "AUTO-ADV-254"]
[Site "http://www.queenalice.com/game.php?id=108226"]
[Date "2006.9.21"]
[Round "1"]
[White "Junior_Colegiao"]
[Black "jumerski"]
[Result "0-1"]
[WhiteElo "1297"]
[BlackElo "1639"]

1. e4 c5 2. f4 d5 3. exd5 Qxd5 4. Nc3 Qf5 5. Bb5+ Bd7 6. Nf3 Nc6 7. O-O O-O-O 8.
d3 Nd4 9. Bxd7+ Rxd7 10. Ne5 Rd8 11. Ne4 h5 12. c3 Nb5 13. Qb3 Nd6 14. Nxd6+
Rxd6 15. Nxf7 Rb6 16. Qc4 Rh7 0-1

[Event "AUTO-ADV-254"]
[Site "http://www.queenalice.com/game.php?id=108227"]
[Date "2006.9.21"]
[Round "1"]
[White "jumerski"]
[Black "cappapleta"]
[Result "0-1"]
[WhiteElo "1649"]
[BlackElo "1926"]

1. e4 e5 2. f4 exf4 3. Nf3 g5 4. h3 d6 5. Bc4 Bg7 6. d4 h6 7. Nc3 Nc6 8. a3 Nge7
9. Qd3 f5 10. Bd2 fxe4 11. Nxe4 d5 12. O-O-O Bf5 13. Qe2 dxe4 14. Nh2 Nxd4 15.
Qf1 Qd6 16. Bb5+ Kf8 17. Bc3 c5 18. g3 fxg3 19. Ng4 Qf4+ 20. Kb1 h5 21. Bxd4
cxd4 0-1

[Event "AUTO-ADV-254"]
[Site "http://www.queenalice.com/game.php?id=108228"]
[Date "2006.9.21"]
[Round "1"]
[White "cappapleta"]
[Black "jumerski"]
[Result "1-0"]
[WhiteElo "1947"]
[BlackElo "1649"]

1. e4 c5 2. Nf3 Nf6 3. Nc3 d6 4. d4 cxd4 5. Nxd4 a6 6. Bg5 e6 7. Be2 Be7 8. O-O
O-O 9. Qd3 Nbd7 10. Qg3 Nh5 11. Bxe7 Nxg3 12. Bxd8 Nxe2+ 13. Ndxe2 Rxd8 14. Rad1
Ne5 15. Rd4 Nc6 16. Rd2 Kf8 17. Rfd1 Ke7 18. Nd4 Nxd4 19. Rxd4 b5 20. e5 d5 21.
Rg4 Kf8 22. Rd3 Bb7 23. Ne2 Rac8 24. Nd4 Rc7 25. h4 Rdc8 26. h5 b4 27. a3 a5 28.
axb4 axb4 29. Rdg3 g6 30. Rf3 Ba6 31. hxg6 hxg6 32. Nxe6+ Ke7 33. Nxc7 Rxc7 34.
Rgf4 Ke8 35. e6 f5 36. Rxb4 Rxc2 37. Rh3 Ke7 38. Rb6 Bc8 39. Rh7+ Ke8 40. e7 Bd7
41. Rf6 1-0

[Event "AUTO-ADV-254"]
[Site "http://www.queenalice.com/game.php?id=108229"]
[Date "2006.9.21"]
[Round "1"]
[White "jumerski"]
[Black "alexsoncini"]
[Result "0-1"]
[WhiteElo "1633"]
[BlackElo "1974"]

1. e4 e5 2. f4 exf4 3. Nf3 g5 4. h3 Bg7 5. d4 Nc6 6. Bc4 Qe7 7. O-O a6 8. Nc3 h6
9. Nd5 Qd8 10. e5 Nce7 11. Nxf4 gxf4 12. Bxf4 b5 13. Bb3 Bb7 14. d5 Ng6 15. Bg3
N8e7 16. d6 cxd6 17. exd6 Nc6 18. Qd5 O-O 19. Qh5 Kh7 20. Nh4 Qg5 21. Qxg5 hxg5
22. Nf5 Nd4 23. Nxd4 Bxd4+ 24. Kh1 f6 25. c3 Be5 26. Bxe5 fxe5 27. Bc2 Kg7 28.
Rfe1 Rf2 29. Bxg6 Kxg6 30. Rxe5 Rxg2 31. Rae1 Rh8 0-1

[Event "AUTO-ADV-254"]
[Site "http://www.queenalice.com/game.php?id=108230"]
[Date "2006.9.21"]
[Round "1"]
[White "alexsoncini"]
[Black "jumerski"]
[Result "1-0"]
[WhiteElo "1976"]
[BlackElo "1652"]

1. d4 Nf6 2. Nf3 d5 3. c4 Nc6 4. e3 g6 5. Nc3 Bg7 6. cxd5 Nxd5 7. Be2 O-O 8. O-O
Re8 9. Qb3 e6 10. Bd2 Na5 11. Qa4 Nc6 12. a3 Bd7 13. Qc2 Nb6 14. b4 e5 15. dxe5
Nxe5 16. Rac1 Bf5 17. e4 Nxf3+ 18. gxf3 Bh3 19. Rfd1 Qf6 20. f4 Rad8 21. e5 Qc6
22. Qe4 Qxe4 23. Nxe4 Bf5 24. f3 Rd7 25. Be3 Red8 26. Rxd7 Rxd7 27. Nc5 Re7 28.
Nxb7 Bxe5 29. fxe5 Rxe5 30. Bxb6 cxb6 31. Kf2 Rd5 32. Rd1 Be6 33. Rxd5 Bxd5 34.
Nd6 a5 35. bxa5 bxa5 36. Nc4 a4 37. Nb6 Bb3 38. Bb5 1-0

[Event "Challenge"]
[Site "http://www.queenalice.com/game.php?id=108352"]
[Date "2006.9.21"]
[Round "-"]
[White "wiphity"]
[Black "jumerski"]
[Result "0-1"]
[WhiteElo "937"]
[BlackElo "1634"]

1. b3 g6 2. Bb2 Nf6 3. Nh3 Bg7 4. Nf4 O-O 5. Nd5 e6 6. Nxf6+ Bxf6 7. Bxf6 Qxf6
8. c3 b6 9. g3 Bb7 10. f3 d5 11. Na3 Nd7 12. Nb1 c5 13. Na3 d4 14. cxd4 cxd4 15.
Nc4 Rac8 16. Nd6 Rb8 17. Nxb7 Rxb7 18. b4 Rc8 19. Qa4 Rbc7 20. f4 e5 21. fxe5
Rc1+ 22. Qd1 Rxd1+ 23. Kxd1 Qxe5 24. Rc1 Re8 25. Bg2 Qxe2+ 26. Kc2 Rc8+ 0-1

[Event "Challenge"]
[Site "http://www.queenalice.com/game.php?id=108353"]
[Date "2006.9.21"]
[Round "-"]
[White "jumerski"]
[Black "wiphity"]
[Result "1-0"]
[WhiteElo "1632"]
[BlackElo "939"]

1. e4 e5 2. f4 exf4 3. Nf3 b6 4. d4 a6 5. Bxf4 Nc6 6. Bc4 b5 7. Bb3 Na5 8. O-O
Nxb3 9. axb3 Be7 10. c4 bxc4 11. bxc4 Nf6 12. Nc3 Rb8 13. b3 Ng4 14. h3 Ne3 15.
Bxe3 Rxb3 16. Qxb3 a5 17. Rxa5 O-O 18. Rf5 Bb7 19. Qxb7 c6 20. Ne5 Qa5 21. Qb3
g6 22. Nxc6 Qb6 23. Nxe7+ Kh8 24. Qxb6 1-0

[Event "AUTO-ADV-255"]
[Site "http://www.queenalice.com/game.php?id=108579"]
[Date "2006.9.21"]
[Round "1"]
[White "shadrach"]
[Black "jumerski"]
[Result "1-0"]
[WhiteElo "1833"]
[BlackElo "1649"]

1. e4 c5 2. Nc3 g6 3. f4 Bg7 4. Nf3 Nc6 5. Bc4 d6 6. O-O e6 7. f5 d5 8. exd5
exd5 9. Re1+ Nge7 10. f6 Bxf6 11. Nxd5 Bd4+ 12. Nxd4 cxd4 13. Nf6+ Kf8 14. d3
Kg7 15. Qf3 Nf5 16. Bg5 Qa5 17. Nd5 Be6 18. Bf6+ Kg8 19. Bxh8 Kxh8 20. g4 Ng7
21. Nf6 Qg5 22. Bxe6 Nxe6 23. Rf1 Ne5 24. Qxb7 Rf8 25. Qg2 Nf4 26. Rxf4 Qxf4 27.
Rf1 Qe3+ 28. Kh1 Kg7 29. g5 Rb8 30. Nd5 1-0

[Event "AUTO-ADV-255"]
[Site "http://www.queenalice.com/game.php?id=108580"]
[Date "2006.9.21"]
[Round "1"]
[White "jumerski"]
[Black "shadrach"]
[Result "0-1"]
[WhiteElo "1640"]
[BlackElo "1842"]

1. e4 g6 2. Bc4 Bg7 3. f4 c5 4. Nf3 Nc6 5. c3 e6 6. d4 d5 7. Bb5 dxe4 8. Ne5
Bxe5 9. fxe5 Ne7 10. O-O O-O 11. Bh6 Re8 12. Nd2 Nf5 13. Bf4 cxd4 14. Nxe4 Rf8
15. Nf6+ Kh8 16. Rf3 dxc3 17. Rd3 Qb6+ 18. Kh1 h5 19. Nxh5 cxb2 20. Rb1 Qxb5 21.
Nf6 Kg7 22. g4 Nxe5 23. Bxe5 Qxe5 24. Nh5+ gxh5 25. gxf5 Qe4+ 26. Kg1 Qxf5 27.
Rg3+ Kh8 28. Rg5 Qxg5+ 0-1

[Event "AUTO-ADV-255"]
[Site "http://www.queenalice.com/game.php?id=108595"]
[Date "2006.9.21"]
[Round "1"]
[White "fgonper"]
[Black "jumerski"]
[Result "1-0"]
[WhiteElo "2012"]
[BlackElo "1649"]

1. e4 c5 2. c3 Nf6 3. e5 Nd5 4. d4 cxd4 5. Nf3 e6 6. cxd4 Bb4+ 7. Bd2 a5 8. Nc3
Nb6 9. Nb5 Be7 10. Bd3 Nd5 11. O-O d6 12. Bg5 f6 13. exf6 Bxf6 14. Bxf6 Nxf6 15.
Ng5 O-O 16. Re1 Re8 17. d5 e5 18. Qc2 h6 19. Nc7 Ra7 20. Nxe8 Qxe8 21. Bh7+ Kf8
22. Bg6 Qd8 23. Nf7 Qd7 24. Nxe5 dxe5 25. Qc5+ Kg8 26. Rac1 Nc6 27. dxc6 bxc6
28. Rcd1 Qc7 29. Qxa7 1-0

[Event "AUTO-ADV-255"]
[Site "http://www.queenalice.com/game.php?id=108596"]
[Date "2006.9.21"]
[Round "1"]
[White "jumerski"]
[Black "fgonper"]
[Result "0-1"]
[WhiteElo "1649"]
[BlackElo "2008"]

1. e4 c6 2. f4 d5 3. e5 h5 4. Nf3 Bf5 5. d4 e6 6. Nc3 Be7 7. Be3 Qb6 8. Na4 Qa5+
9. c3 Nd7 10. b4 Qc7 11. Nb2 Nh6 12. a4 a5 13. b5 O-O 14. c4 Be4 15. Bd3 Nf5 16.
Bf2 cxb5 17. cxb5 Qc3+ 18. Qd2 Bb4 0-1

[Event "AUTO-ADV-255"]
[Site "http://www.queenalice.com/game.php?id=108605"]
[Date "2006.9.21"]
[Round "1"]
[White "erickeek"]
[Black "jumerski"]
[Result "1-0"]
[WhiteElo "1622"]
[BlackElo "1631"]

1. e4 c5 2. Qf3 Nc6 3. Bc4 Nf6 4. d3 h6 5. Be3 d6 6. Nc3 Bg4 7. Qf4 e5 8. Qg3
Qd7 9. Nd5 Nh5 10. Qh4 Be7 11. Nxe7 Nxe7 12. h3 1-0

[Event "AUTO-ADV-255"]
[Site "http://www.queenalice.com/game.php?id=108606"]
[Date "2006.9.21"]
[Round "1"]
[White "jumerski"]
[Black "erickeek"]
[Result "0-1"]
[WhiteElo "1641"]
[BlackElo "1834"]

1. e4 d5 2. e5 Nh6 3. d4 Bg4 4. Be2 Bxe2 5. Nxe2 e6 6. Bxh6 gxh6 7. O-O Rg8 8.
f4 Qh4 9. Nd2 Qh3 10. Rf2 Be7 11. Nf3 Nd7 12. Kh1 Qf5 13. a3 Qe4 14. b4 Qe3 15.
Kg1 Qe4 16. Qd2 Nb6 17. Ng3 Qg6 18. Qe2 a6 19. Nd2 Qxc2 20. Qf1 Qc3 21. Rc1 Qxa3
22. Rxc7 Rb8 23. b5 Kd8 24. Rc2 axb5 25. Qxb5 Qa1+ 26. Ndf1 Qxd4 27. Ne2 Qb4 28.
Qd3 Qe4 29. Qxe4 dxe4 30. Neg3 Rxg3 31. Nxg3 e3 32. Rf3 Nd5 33. Nf1 b5 34. Nxe3
Nxe3 35. Rxe3 Ra8 36. Rd3+ Ke8 37. Rh3 Ra1+ 38. Kf2 Ra4 39. Kg3 Ra3+ 40. Kg4
Rxh3 41. Kxh3 f5 42. g4 fxg4+ 43. Kxg4 Bf8 44. Rc7 Be7 45. Kh5 b4 46. Kxh6 Kd8
47. Rb7 Bf8+ 48. Kxh7 Kc8 49. Rb5 Kc7 50. Kg6 Kc6 51. Rb8 Be7 52. Kf7 Kc7 53.
Re8 Bc5 54. Ra8 b3 55. Ra1 Be3 0-1